000 01213nam a2200301 4500
999 _c329561
_d329561
003 BLK
005 20250712162701.0
008 190323b bu ||||| |||| 00| 0 bu d
020 _a978-619-7342-14-7
040 _aBLK
041 _aBUL
_cBUL
080 _aВъздържание, умереност при храненето като лечебен фактор. Ограничителна диета. Вж и 613. 24/. 25
_b615.874.1
100 _aДимитрова, Ани Иванова
_eпърви автор
_9471838
139 _aДимитрова, Ани Иванова
_bД 58
245 _aНай-добрият лекар... си ти
_b7 стъпки към живота, които искам
_cАни Димитрова
260 _9221452
_aСофия
_bВдъхновения
_c2017
300 _a104 с.
_c21 см
380 _a61
650 0 _9268300
_aЗдравословен начин на живот
653 7 _9200161
_aхранителни навици
653 7 _9186926
_aздравословно хранене
852 _bП
_cП 615.8/Д 58
852 _aЦб 311863
_bЦб
942 _n0
_cKNG
_017
_s1
999 _d329561
999 _d329561
999 _d329561
944 _k30575
_lМартин Енчев